000 02022cam a2200373 a 4500
999 _c2609
_d2609
001 14895675
003 GZU
005 20201104093039.0
008 070619s2008 maua b 001 0 eng
010 _a 2007025203
020 _a9780073401546 (alk. paper)
020 _a0073401544 (alk. paper)
040 _aDLC
_cDLC
_dDLC
043 _an-us---
050 0 0 _aHV9104
_b.R43 2008
082 0 0 _a364.360973
_222
100 1 _aRegoli, Robert M.
245 1 0 _aDelinquency in society /
_cRobert Regoli, John D. Hewitt, Matthew DeLisi.
250 _a7th ed.
260 _aBoston :
_bMcGraw-Hill Higher Education,
_cc2008.
300 _axix, 620 p. :
_bill. ;
_c25 cm.
504 _aIncludes bibliographical references (p. 536-590) and indexes.
505 0 _aDefining delinquency --Measuring delinquency -- Violent youth crime -- Illegal drug use and delinquency -- Individual theories of delinquency : choice and trait explanations -- Sociological theory : cultural deviance, strain, and social control explanations -- Sociological theory : labeling and conflict explanations -- Developmental theories -- Female delinquency theories -- The family and delinquency -- Schools and delinquency -- Peer group and gang delinquency -- Police and delinquency -- The juvenile court -- Juvenile corrections.
650 0 _aJuvenile delinquency
_zUnited States.
650 0 _aJuvenile justice, Administration of
_zUnited States.
700 1 _aHewitt, John D.,
_d1945-
700 1 _aDeLisi, Matt.
856 4 1 _3Table of contents only
_uhttp://www.loc.gov/catdir/toc/ecip0720/2007025203.html
856 4 2 _3Publisher description
_uhttp://www.loc.gov/catdir/enhancements/fy0729/2007025203-d.html
856 4 2 _3Contributor biographical information
_uhttp://www.loc.gov/catdir/enhancements/fy0735/2007025203-b.html
906 _a7
_bcbc
_corignew
_d1
_eecip
_f20
_gy-gencatlg
942 _2lcc
_cBK
_e7th ed
_h9104
_iREG
_kHV
_m2008